Multimedia database management systems

Multimedia Database Management Systems presents the issues and the techniques used in building multimedia database management systems.

Gardado en:
Detalles Bibliográficos
Autor Principal: Prabhakaran, B.
Formato: Libro
Idioma:Undetermined
Publicado: New York Springer Science Business Media, LLC 1997
Những chủ đề:
Các nhãn: Engadir etiqueta
Sen Etiquetas, Sexa o primeiro en etiquetar este rexistro!
Thư viện lưu trữ: Trung tâm Học liệu Trường Đại học Cần Thơ
LEADER 00853nam a2200217Ia 4500
001 CTU_238656
008 210402s9999 xx 000 0 und d
082 |a 006.7 
082 |b P895 
100 |a Prabhakaran, B. 
245 0 |a Multimedia database management systems 
245 0 |c B. Prabhakaran 
260 |a New York 
260 |b Springer Science Business Media, LLC 
260 |c 1997 
520 |a Multimedia Database Management Systems presents the issues and the techniques used in building multimedia database management systems. 
526 |a Phân tích thiết kế giải thuật nâng cao 
526 |b CT611 
650 |a Quản lý cơ sở dữ liệu,Hệ thống đa phương tiện,Multimedia systems,Database management 
910 |b vtbtruc 
980 |a Trung tâm Học liệu Trường Đại học Cần Thơ